MDQL
is popping MORE tags! Check the
thread
!
Quizzes
Events
Quiz Creation
Community
Videos
Private Events
Remove Ads
Sign In
Join for FREE
Feedback
Dark Mode
Quiz Categories
Sports
Geography
Music
Movies
Television
Just For Fun
Miscellaneous
History
Literature
Language
Science
Gaming
Entertainment
Religion
Holiday
For Kids
Quiz Lab
Recent
Popular Today
Quiz Kudos Today
Editor Picks
Curator Picks
Quizzes by...
Day
Popularity
Type
Ratings
Length
Year
Community
Subscriptions
Recent Discussions
Orange Saloon
Badges
Playlists
Quests
Create
Leaderboards
Showdown
Live 5
Trivia Bingo
Activity
Puzzle Library
Sporcle Events
Private Events
Virtual Trivia
Globe League
Become a Host
Pub Owners
SporcleCon
Opinionation
Our Games
Videos
Blog
Mobile Apps
Partnerships
Remove Ads and Go Orange
Feedback
Sports
Athletes
MLB
NBA
NHL
NFL
Soccer
Sports Teams
WWE
NCAA
Football
Premier League
Basketball
Baseball
Hockey
Golf
Tennis
Cricket
Rugby
Auto Racing
Olympics
World Cup
Sports
Athletes
MLB
NBA
NHL
NFL
Soccer
Sports Teams
WWE
NCAA
Football
Premier League
Basketball
Baseball
Hockey
Golf
Tennis
Cricket
Rugby
Auto Racing
Olympics
World Cup
Random Quiz
Search Sporcle
×
Quiz Lab
Quiz Lab
Sports
Basketball
Type in answers that appear in a list
Type in answers that appear in a list
Classic
Best Score? Go Orange.
NBA Top 25 Out of the League/Retired Stats
Can you name the NBA Top 25 Out of the League/Retired but not in the Hall?
By
MachoL87
7m
25 Questions
863 Plays
863 Plays
863 Plays
Comments
Comments
Give Quiz Kudos
Give Quiz Kudos
-
- Ratings
hide this ad
More Info
Replay
Link that replays current quiz
Next Quiz
Link to next quiz in quiz playlist
You Got
0%
They Got
Avg Score
34%
Avg Friend Score
Upgrade to see
Score Distribution
Jump to the score distribution portion of the page
Score
0/25
Timer
07:00
0
Plays Today
Last NBA Season
Player Name
% Correct
2009-
10
Allen Iverson
70.5%
2004-
05
Reggie Miller
63.7%
1990-
91
Jack Sikma
58.9%
2006-
07
Gary Payton
57.4%
1998-
99
Eddie Johnson
53.5%
1995-
96
Jeff Malone
52%
2006-
07
Clifford Robinson
49.6%
2007-
08
Chris Webber
46.1%
1997-
98
Buck Williams
36.5%
2008-
09
Stephon Marbury
35.9%
2001-
02
Mitch Richmond
35.3%
2003-
04
Glen Rice
33.8%
1991-
92
Walter Davis
30.8%
Last NBA Season
Player Name
% Correct
1997-
98
Tom Chambers
29.5%
2004-
05
Latrell Sprewell
28.5%
2009-
10
Michael Finley
26.1%
1992-
93
Bernard King
25.7%
2006-
07
Kevin Willis
25.4%
1999-
00
Dale Ellis
20.7%
1993-
94
Mark Aguirre
20.7%
1987-
88
World B. Free
15.4%
1999-
00
Terry Cummings
15.2%
1993-
94
Rolando Blackman
14.8%
2000-
01
Otis Thorpe
14.1%
1990-
91
Reggie Theus
10.9%
Quiz Playlist
Details
Report
Send in Message
Add To Playlist
More Info:
All Players Last Games are after 1985
Classic:
Type in answers that appear in a list
Last Updated: Dec 31, 2018
Quiz Scoreboard
CHALLENGE
Sign Up to Join the Scoreboard
Show All
Scores
Hide
Comments
May contain spoilers
Recently Published
5x2 Blitz: Bands
by SL_Kpop136
Music
30s
Colored Red Africa Blitz
by spor1
Geography
30s
Find the 'City' Movie
by crazypaving
Movies
60s
More to Explore
Quiz From the Vault
Featured Blog Post
14 Easter Pick-up Lines to Find Eggs With
hide this ad
You Might Also Like...
Tags
Athletes Quiz
Basketball Quiz
NBA Quiz
Point Scorers
Scoring
Scoring Leaders
Today's Top Quizzes in Sports
Browse Sports
hide this ad
Today's Top Quizzes in Basketball
Browse Basketball
Top Contributed Quizzes in Sports
1
Players with Multiple 50 Home Run Seasons
2
Criteria MLB: Left Handed Sluggers
3
MLB Players with Two .350 Batting Average Seasons
4
Who Hit More Homers?
5
Premier League Clubs since 2000 (minefield)
6
Who Needs Fielders?
7
2020 F1 Drivers Logic Puzzle
8
Les entraîneurs de l'OM et du PSG au 21e siècle
9
Top 10 NHL Goal Scorers of All Time
10
MLB Hall of Famer by Rings
Explore More
Trending Topics
Harry Potter
Anime
NBA
Kpop
Disney
Marvel
Crossword
Country
Puzzle
WWE
NFL
Song
Pokémon
Soccer
The Office
hide this ad
More By:
MachoL87
Quiz
Plays
Rating
Category
Featured
Created
NBA Top 25 Out of the League/Retired
863
3.50
Sports
May 17, 2011
Go to Creator's Profile
Score Distribution
Quiz Creator Spotlight
MachoL87
Follow
Send a Message
Quizzes Created
-
Created Quiz Play Count
-
More By This Creator
Popular Quizzes Today
1
Find the 'City' Movie
2
Colored Red Africa Blitz
3
Find the US States - No Outlines Minefield
4
5x2 Blitz: Bands
5
The Countries of the World
6
Find the US States
7
US States
8
9x9 Crossword: Cartoon Network
More Sports Quizzes
NBA 2019-2020 Starters by First Win
Quiz Lab
Trending Quizzes
Colored Red Europe Blitz I
Colored Red Africa Blitz II
Colored Red Europe Blitz II
Colored Red Europe Blitz III
Colored Red Africa Blitz III
Recently Updated
Famous TV Couples
Peacemaker
Champions League XIs: Real Madrid
pecheneg
Largest US Cities 1790-2010
pecheneg
Rides in Walt Disney World
pecheneg
Most Oscar Losses (Acting)
pecheneg
Beyoncé Albums
pecheneg
Leaping Animals
pecheneg
Reality TV Shows (A-Z)
bhenderson79
Rickey Henderson's Hall of Fame Teammates
pecheneg
Champions League XIs: Arsenal
pecheneg
Trending Topics
Anime
Disney
Marvel
Crossword
Kpop
Harry Potter
NBA
WWE
The Office
Country
Pokémon
NFL
Soccer
Puzzle
Song
Your Account Isn't Verified!
In order to create a playlist on Sporcle, you need to verify the email address you used during registration. Go to your
Sporcle Settings
to finish the process.
Report this User
Report this user for behavior that violates our
Community Guidelines
.
Details:
Send Report
Go to the Sporcle.com Mobile Site →
Comments